000 00416pab a2200157 454500
008 180718b2017 xxu||||| |||| 00| 0 eng d
100 _aPaul, Tanusree
245 _aViewing national water policies through a gendered lens
260 _c2017
300 _ap.76-84.
362 _a2 Dec
650 _aNational water policy
650 _aWater supply
773 _aEconomic and Political Weekly
909 _a116708
999 _c116702
_d116702